000 00465 a2200157 4500
001 149604
040 _cEscola São Tomás de Aquino
100 _aMACHADO, Maria Clara
240 1 0 _aPluft, o fantasminha
_lpor
245 1 0 _aPluft, o fantasminha
300 _a63
362 0 _a2009
440 1 _aNova Fronteira
697 _aHistórias de bruxas, centauros, fadas, duendes, deuses, sereias, ogres, vampiros, feiticeiros, mágicos
942 _cBK
999 _c149604
_d149604